| 000 | 00697nam a22001697a 4500 | ||
|---|---|---|---|
| 003 | BD-DhUL | ||
| 005 | 20170508185212.0 | ||
| 008 | 170508b1989 ii ||||| |||| 00| 0 ben d | ||
| 040 | _cBD-DhUL | ||
| 082 |
_a954.035 _bHIN |
||
| 245 |
_aহিন্দু-মুসলমান সর্ম্পক : _cঅর্জূন গোস্বামী সম্পাদিত _bসপ্নপূরণ ণঅ স্বপ্নভং্গের ইতিহাস / |
||
| 260 |
_aকলকাতা : _bরক্তকরবী, _c২০০৪ |
||
| 300 |
_a১৮৪ পৃ. : _c২১ সে.মি. |
||
| 650 | _aভারত ইতিহাস | ||
| 651 | _2Indian history | ||
| 942 |
_2ddc _cBK |
||
| 999 |
_c194692 _d194692 |
||